| 000 | 00422nam a2200181Ia 4500 | ||
|---|---|---|---|
| 001 | 9047 | ||
| 005 | 20260306160654.0 | ||
| 008 | 260306t1980||||xx |||||||||||||| ||spa|| | ||
| 041 | _aESP | ||
| 082 |
_a372.4 _bS75 |
||
| 100 |
_aSpitz, René A. _eAUT |
||
| 245 | 0 | _aEl primer año de vida del niño | |
| 260 | _c1980 | ||
| 300 |
_a294 páginas : _c21 cm. |
||
| 650 | _aGEN | ||
| 654 | _aCED | ||
| 942 |
_cLIB _dJUS _fJUS _2ddc _n |
||
| 999 |
_c9047 _d9047 |
||